Historia del Canal de Panamá: una crítica a la historiografía de Rusia /
Guardado en:
| Autor principal: | |
|---|---|
| Formato: | Texto |
| Materias: | |
| Etiquetas: |
Agregar Etiqueta
Sin Etiquetas, Sea el primero en etiquetar este registro!
|
MARC
| LEADER | 00000 a a2200000 04500 | ||
|---|---|---|---|
| 001 | 9432 | ||
| 003 | |||
| 040 | |||
| 100 | |a Iturralde Shailer, Omar Enrique | ||
| 245 | |a Historia del Canal de Panamá: |b una crítica a la historiografía de Rusia / |c Omar Enrique Iturralde Shailer | ||
| 650 | |a HISTORIA | ||
| 650 | |a CANAL DE PANAMA | ||
| 650 | |a PANAMA | ||
| 773 | |g número 475; páginas 43-60 | ||
| 999 | |c 22033 |d 22033 | ||
